[Event "RUS-Cup4"]
[Site "Perm"]
[Date "1997.02.13"]
[Round "6"]
[White "Bezgodova, Svetlana"]
[Black "Dzyuban, Oleg"]
[Result "1/2-1/2"]
[WhiteElo "2055"]
[BlackElo "2425"]
[PlyCount "101"]
[EventDate "1997.02.02"]
[EventType "swiss"]
[EventRounds "9"]
[EventCountry "RUS"]
[SourceTitle "CBM 058"]
[Source "ChessBase"]
[SourceDate "1997.06.01"]
[SourceVersion "1"]
[SourceVersionDate "1997.06.01"]
[SourceQuality "1"]

1. Nf3 g6 2. d4 Bg7 3. e4 d6 4. Bc4 Nf6 5. e5 dxe5 6. Nxe5 0-0 7. 0-0 Nbd7 8. Qe2 Nb6 9. Bb3 a5 10. a4 c6 11. Rd1 Nbd5 12. Na3 Be6 13. Bd2 Nd7 14. Nac4 Nxe5 15. Nxe5 Qc7 16. h4 c5 17. Bxd5 Bxd5 18. Bf4 Bxe5 19. Qxe5 Qxe5 20. dxe5 Rfd8 21. f3 h5 22. Be3 b6 23. b3 Be6 24. Kf2 Bf5 25. Rxd8+ Rxd8 26. Rc1 Kf8 27. Kg3 Be6 28. Kf4 Rd5 29. g4 f6 30. exf6 exf6 31. gxh5 Rxh5 32. Kg3 Rd5 33. Bf4 Rd7 34. Rh1 Bf5 35. Rh2 Ke8 36. Re2+ Kd8 37. Bc1 Re7 38. Rd2+ Rd7 39. Rh2 Ke7 40. Re2+ Kf7 41. Bf4 Be6 42. Kf2 c4 43. bxc4 Bxc4 44. Rd2 Rb7 45. Rd4 Be6 46. Rd6 b5 47. axb5 Rxb5 48. Ra6 Rc5 49. Kg3 Bd7 50. Be3 Rd5 51. c4 1/2-1/2

[Event "RUS-Cup5"]
[Site "Ekaterinburg"]
[Date "1997.??.??"]
[Round "9"]
[White "Dzyuban, Oleg"]
[Black "Kostenko, Petr"]
[Result "1-0"]
[WhiteElo "2425"]
[BlackElo "2365"]
[PlyCount "107"]
[EventDate "1997.02.13"]
[EventType "swiss"]
[EventRounds "9"]
[EventCountry "RUS"]
[SourceTitle "CBM 057 Extra"]
[Source "ChessBase"]
[SourceDate "1997.05.01"]
[SourceVersion "1"]
[SourceVersionDate "1997.05.01"]
[SourceQuality "1"]

1. c4 Nf6 2. g3 g6 3. Bg2 Bg7 4. Nc3 0-0 5. d4 c6 6. Nf3 d5 7. cxd5 cxd5 8. Ne5 e6 9. Bg5 h6 10. Be3 Nc6 11. h3 Nd7 12. Nf3 Nb6 13. b3 Bd7 14. Qd2 Kh7 15. h4 Nc8 16. Bf4 N8e7 17. e3 Qa5 18. 0-0 Rfc8 19. Rfc1 Ng8 20. Bf1 Nf6 21. Bd3 Bf8 22. a3 Be8 23. b4 Qd8 24. Kg2 Kg8 25. Rc2 Nh5 26. Ne2 Nxf4+ 27. exf4 h5 28. Rac1 Bd6 29. Ne5 Ne7 30. Nc3 a5 31. Nb5 Rxc2 32. Rxc2 Qb6 33. Nxd6 Qxd6 34. bxa5 Qxa3 35. Rc7 Nc8 36. f5 exf5 37. Bxf5 Ne7 38. Bd3 Nc6 39. Nxc6 bxc6 40. a6 Kg7 41. Qe3 Kg8 42. Be2 Qxe3 43. fxe3 Kg7 44. a7 Kf6 45. Rb7 c5 46. dxc5 Ba4 47. Bf3 Ke6 48. Rxf7 Bd7 49. Bxd5+ Kxd5 50. Rxd7+ Kxc5 51. Kf3 Kc6 52. Rg7 Rf8+ 53. Ke4 Kb6 54. Ke5 1-0

[Event "RUS-Cup5"]
[Site "Ekaterinburg"]
[Date "1997.??.??"]
[Round "7"]
[White "Dzyuban, Oleg"]
[Black "Pridorozhni, Aleksei"]
[Result "1-0"]
[WhiteElo "2425"]
[BlackElo "2235"]
[PlyCount "83"]
[EventDate "1997.02.13"]
[EventType "swiss"]
[EventRounds "9"]
[EventCountry "RUS"]
[SourceTitle "CBM 057 Extra"]
[Source "ChessBase"]
[SourceDate "1997.05.01"]
[SourceVersion "1"]
[SourceVersionDate "1997.05.01"]
[SourceQuality "1"]

1. Nf3 Nf6 2. c4 e6 3. Nc3 d5 4. cxd5 exd5 5. d4 Bf5 6. Bg5 c6 7. Qb3 Qb6 8. Bxf6 gxf6 9. e3 Nd7 10. Be2 Bd6 11. Nh4 Bg6 12. Bg4 Rg8 13. g3 Bc7 14. 0-0-0 Qxb3 15. axb3 Nb6 16. Rhe1 Kf8 17. f4 Bc2 18. Kxc2 Rxg4 19. Nf5 Rd8 20. e4 Nc8 21. exd5 Nd6 22. Nxd6 Bxd6 23. dxc6 bxc6 24. Ra1 Bb8 25. Ra6 Rxd4 26. Rxc6 Rd8 27. Rd1 Re8 28. Nd5 f5 29. Nf6 Rg6 30. Nxh7+ Kg7 31. Rxg6+ Kxg6 32. Ng5 f6 33. Nf3 Kh5 34. Rd7 Re2+ 35. Kd3 Rxb2 36. Rh7+ Kg6 37. Rb7 Bd6 38. Nh4+ Kh5 39. Nxf5 Bc5 40. h3 Bf8 41. g4+ Kg6 42. h4 1-0

[Event "Alma-Ata"]
[Site "Almaty"]
[Date "1995.??.??"]
[Round "11"]
[White "Dzyuban, Oleg"]
[Black "Temirbayev, Serikbay"]
[Result "1/2-1/2"]
[WhiteElo "2440"]
[BlackElo "2490"]
[PlyCount "141"]
[EventDate "1995.??.??"]
[EventType "tourn"]
[EventRounds "11"]
[EventCountry "KAZ"]
[EventCategory "9"]
[SourceTitle "EXT 2000"]
[Source "ChessBase"]
[SourceDate "1999.11.16"]
[SourceVersion "1"]
[SourceVersionDate "1999.11.16"]
[SourceQuality "1"]

1. Nf3 Nf6 2. g3 g6 3. Bg2 Bg7 4. 0-0 0-0 5. d3 d6 6. Nbd2 c5 7. e4 Nc6 8. a4 Ne8 9. c3 Rb8 10. Nc4 b6 11. Be3 Nf6 12. Re1 d5 13. Nce5 Nxe5 14. Nxe5 Bb7 15. exd5 Nxd5 16. Bd2 Qc7 17. Qe2 Rbd8 18. a5 Qb8 19. axb6 axb6 20. c4 Nb4 21. Bxb4 cxb4 22. Ra4 b3 23. Bxb7 Qxb7 24. Rb4 Bxe5 25. Qxe5 Rxd3 26. Qxe7 Qc6 27. Qe4 Qd6 28. Rxb6 Rxg3+ 29. hxg3 Qxb6 30. Qe3 Qb7 31. Rc1 Rb8 32. Kh2 Qc6 33. Kg1 h5 34. Rc3 Re8 35. Qd2 h4 36. Rxb3 hxg3 37. Rxg3 Qxc4 38. Qc3 Qe4 39. Rh3 Qg4+ 40. Rg3 Qe4 41. Rh3 Qg4+ 42. Kh2 Qf4+ 43. Kg2 Qg4+ 44. Qg3 Qxg3+ 45. Rxg3 Rb8 46. b3 Kg7 47. Kf1 f5 48. Ke2 Kf6 49. Kd2 g5 50. Kc3 g4 51. b4 Kg5 52. Kc4 Rc8+ 53. Kb3 Rc1 54. b5 Rb1+ 55. Kc4 f4 56. Rd3 Kh4 57. Kc5 Rb2 58. f3 g3 59. Rd4 g2 60. Rxf4+ Kg3 61. Rg4+ Kxf3 62. Rg8 Rc2+ 63. Kd6 Rd2+ 64. Kc5 Rd8 65. Rg7 Rd7 66. Rg8 Rd8 67. Rg7 Kf2 68. b6 Rd7 69. Rxg2+ Kxg2 70. Kc6 Rd8 71. b7 1/2-1/2

[Event "Alma-Ata"]
[Site "Almaty"]
[Date "1995.??.??"]
[Round "7"]
[White "Kotsur, Pavel"]
[Black "Dzyuban, Oleg"]
[Result "1-0"]
[WhiteElo "2415"]
[BlackElo "2440"]
[PlyCount "57"]
[EventDate "1995.??.??"]
[EventType "tourn"]
[EventRounds "11"]
[EventCountry "KAZ"]
[EventCategory "9"]
[SourceTitle "EXT 2000"]
[Source "ChessBase"]
[SourceDate "1999.11.16"]
[SourceVersion "1"]
[SourceVersionDate "1999.11.16"]
[SourceQuality "1"]

1. e4 c5 2. Nf3 Nc6 3. d4 cxd4 4. Nxd4 Nf6 5. Nc3 d6 6. Bg5 e6 7. Qd3 a6 8. 0-0-0 Bd7 9. f4 h6 10. Bh4 Qa5 11. Kb1 Be7 12. Nb3 Qc7 13. Be2 b5 14. Bxf6 gxf6 15. Bh5 b4 16. Ne2 Rg8 17. f5 e5 18. Qd5 Rg7 19. Rd3 Kf8 20. Rg3 Be8 21. Qd2 Rg5 22. h4 Rxg3 23. Nxg3 Kg7 24. Be2 Kh7 25. Nh5 a5 26. Rh3 Qd8 27. Rg3 Bf8 28. Bc4 a4 29. Qe2 1-0

[Event "Olympiad-31"]
[Site "Moscow"]
[Date "1994.12.13"]
[Round "12.3"]
[White "Dzyuban, Oleg"]
[Black "Santo Roman, Marc"]
[Result "0-1"]
[WhiteElo "2450"]
[BlackElo "2420"]
[PlyCount "91"]
[EventDate "1994.12.01"]
[EventType "team-swiss"]
[EventRounds "14"]
[EventCountry "RUS"]
[SourceTitle "CBM 045"]
[Source "ChessBase"]
[SourceDate "1995.04.01"]
[SourceVersion "1"]
[SourceVersionDate "1995.04.01"]
[SourceQuality "1"]
[WhiteTeam "Kazakhstan"]
[BlackTeam "France"]
[WhiteTeamCountry "KAZ"]
[BlackTeamCountry "FRA"]

1. d4 f5 2. g3 g6 3. Bg2 Nf6 4. c4 Bg7 5. Nc3 d6 6. Nf3 0-0 7. 0-0 Qe8 8. d5 a5 9. Nd4 Na6 10. e4 fxe4 11. Nxe4 Nxe4 12. Bxe4 Bh3 13. Bg2 Bxg2 14. Kxg2 Nc5 15. Re1 Qf7 16. f4 Rac8 17. Ne6 Nxe6 18. Rxe6 c6 19. Be3 b5 20. cxb5 cxd5 21. Qxd5 Rc2+ 22. Kg1 Rxb2 23. Re1 Rxb5 24. Qxb5 Qxe6 25. Qxa5 Qe4 26. Qa7 Bf6 27. a4 Qd5 28. Rb1 Qe4 29. Rb8 d5 30. a5 d4 31. Bf2 d3 32. Rxf8+ Kxf8 33. Qd7 Qe2 34. Qc8+ Kg7 35. Qc4 Qc2 36. Qxc2 dxc2 37. Be3 Bb2 38. Kg2 c1Q 39. Bxc1 Bxc1 40. Kf3 Ba3 41. Ke4 e6 42. Kd4 Bd6 43. a6 Bb8 44. Kc5 Ba7+ 45. Kd6 Kf6 46. g4 0-1

[Event "Biel MTO op"]
[Site "Biel"]
[Date "1992.??.??"]
[Round "8"]
[White "Campora, Daniel Hugo"]
[Black "Dzyuban, Oleg"]
[Result "1-0"]
[WhiteElo "2565"]
[BlackElo "2450"]
[PlyCount "95"]
[EventDate "1992.07.??"]
[EventType "swiss"]
[EventRounds "11"]
[EventCountry "SUI"]
[SourceTitle "CBM 031 Extra"]
[Source "ChessBase"]
[SourceDate "1993.01.01"]
[SourceVersion "1"]
[SourceVersionDate "1993.01.01"]
[SourceQuality "1"]

1. e4 c5 2. Nf3 e6 3. d4 cxd4 4. Nxd4 a6 5. c4 Nf6 6. Nc3 d6 7. Be2 Be7 8. 0-0 b6 9. Be3 Bb7 10. f3 Nbd7 11. Rc1 Rc8 12. b4 0-0 13. Qb3 Rc7 14. Rfd1 Qa8 15. Na4 Rfc8 16. c5 b5 17. Bxb5 axb5 18. Nxb5 dxc5 19. Nxc7 Rxc7 20. Nxc5 Nxc5 21. Bxc5 Bxc5+ 22. Rxc5 Rxc5 23. bxc5 Bc6 24. Qb6 Ne8 25. h3 h6 26. Kh2 Kh7 27. Rd4 f5 28. e5 Bd5 29. a4 Qc8 30. a5 Nc7 31. c6 Na8 32. Qb7 Qe8 33. Qd7 Qb8 34. Rxd5 exd5 35. Qxf5+ Kh8 36. Qe6 Nc7 37. Qd6 Qa7 38. e6 Qxa5 39. e7 Ne8 40. Qd7 Qc7+ 41. Kh1 Qb8 42. Qd8 Qb1+ 43. Kh2 Qg6 44. c7 Qh5 45. f4 Qf7 46. Kg1 Qxf4 47. Qxe8+ Kh7 48. Qg8+ 1-0

[Event "Biel MTO op"]
[Site "Biel"]
[Date "1992.??.??"]
[Round "3"]
[White "Dzyuban, Oleg"]
[Black "Van der Werf, Mark"]
[Result "1/2-1/2"]
[WhiteElo "2450"]
[BlackElo "2395"]
[PlyCount "145"]
[EventDate "1992.07.??"]
[EventType "swiss"]
[EventRounds "11"]
[EventCountry "SUI"]
[SourceTitle "CBM 031 Extra"]
[Source "ChessBase"]
[SourceDate "1993.01.01"]
[SourceVersion "1"]
[SourceVersionDate "1993.01.01"]
[SourceQuality "1"]

1. d4 Nf6 2. Nf3 c5 3. e3 e6 4. c4 cxd4 5. exd4 d5 6. Nc3 Be7 7. Bd3 dxc4 8. Bxc4 Nc6 9. 0-0 0-0 10. a3 b6 11. Qd3 Bb7 12. Bg5 Nd5 13. Bd2 Na5 14. Ba2 Nxc3 15. bxc3 Bf6 16. Rfe1 Bd5 17. Bb1 g6 18. Bh6 Bg7 19. Bg5 Qc7 20. Ba2 Bxa2 21. Rxa2 Qc4 22. Qd2 Nb3 23. Qb2 Rac8 24. Nd2 Nxd2 25. Bxd2 Rfd8 26. a4 Rd5 27. a5 bxa5 28. Qa1 e5 29. Ra4 Qc6 30. Rxa5 Rxa5 31. Qxa5 exd4 32. cxd4 Bxd4 33. h3 Qb6 34. Qxb6 axb6 35. Be3 Re8 36. Rb1 Bxe3 37. fxe3 Rb8 38. Kf2 Kf8 39. Ke2 Ke7 40. Kd3 b5 41. Rb4 Rb7 42. g4 f6 43. Kc3 Kd6 44. Rf4 Kc5 45. Rxf6 b4+ 46. Kb3 Re7 47. Rf3 Re4 48. Kb2 Re7 49. Kb3 Kb5 50. h4 Re4 51. Rf7 Rxe3+ 52. Kb2 h5 53. gxh5 gxh5 54. Rf5+ Kc4 55. Rxh5 Re2+ 56. Kc1 Rh2 57. Rh8 Kc3 58. Rc8+ Kb3 59. Rh8 Rh1+ 60. Kd2 Ka2 61. h5 b3 62. h6 b2 63. Ra8+ Kb1 64. Ra6 Rh3 65. Rb6 Rh5 66. Rd6 Rh2+ 67. Kd1 Ka2 68. Ra6+ Kb3 69. Rb6+ Kc3 70. Rc6+ Kd3 71. Rd6+ Kc4 72. Rb6 Kc5 73. Rb7 1/2-1/2

[Event "URS-chT Republics 19th Group1"]
[Site "Azov"]
[Date "1991.??.??"]
[Round "4"]
[White "Eingorn, Vereslav S"]
[Black "Dzyuban, Oleg"]
[Result "1-0"]
[WhiteElo "2585"]
[BlackElo "2440"]
[PlyCount "41"]
[EventDate "1991.??.??"]
[EventType "team-tourn"]
[EventRounds "5"]
[EventCountry "URS"]
[SourceTitle "EXT 2020"]
[Source "ChessBase"]
[SourceDate "2019.10.17"]
[SourceVersion "1"]
[SourceVersionDate "2019.10.17"]
[SourceQuality "1"]
[WhiteTeam "Ukraine"]
[BlackTeam "Kazakhstan"]
[WhiteTeamCountry "UKR"]
[BlackTeamCountry "KAZ"]

1. e4 c6 2. d4 d5 3. exd5 cxd5 4. Bd3 Nc6 5. c3 g6 6. Bf4 Bg7 7. Nd2 f6 8. h4 e5 9. dxe5 fxe5 10. Bg5 Bf6 11. Ngf3 Bf5 12. Bb5 Bxg5 13. hxg5 e4 14. Ne5 Nge7 15. Ng4 Qb6 16. Nf6+ Kf7 17. Qb3 h6 18. 0-0-0 Na5 19. Qb4 Rad8 20. Nf1 a6 21. Be8+ 1-0

[Event "Alma-Ata"]
[Site "Almaty"]
[Date "1989.??.??"]
[Round "13"]
[White "Dzyuban, Oleg"]
[Black "Conquest, Stuart"]
[Result "0-1"]
[WhiteElo "2395"]
[BlackElo "2490"]
[PlyCount "70"]
[EventDate "1989.06.??"]
[EventType "tourn"]
[EventRounds "15"]
[EventCountry "URS"]
[EventCategory "8"]
[SourceTitle "EXT 1997"]
[Source "ChessBase"]
[SourceDate "1996.11.15"]
[SourceVersion "1"]
[SourceVersionDate "1996.11.15"]
[SourceQuality "1"]

1. d4 Nf6 2. c4 e6 3. Nf3 b6 4. g3 Bb7 5. Bg2 Be7 6. 0-0 0-0 7. Qc2 c5 8. dxc5 bxc5 9. Nc3 Nc6 10. Rd1 Qb6 11. b3 Rac8 12. Bb2 Nb4 13. Qd2 Bc6 14. Bh3 Rfd8 15. a3 Na6 16. Qc2 Rb8 17. Nd2 d5 18. Rab1 d4 19. Na2 Ba8 20. Nc1 e5 21. f3 Nc7 22. Bg2 e4 23. fxe4 Ng4 24. Nf1 Bg5 25. Bf3 Ne3 26. Nxe3 Bxe3+ 27. Kg2 Ne6 28. h4 Nf4+ 29. Kh2 Qe6 30. g4 Qf6 31. Kg3 Qxh4+ 32. Kxh4 Bf2+ 33. Kg5 Nh3+ 34. Kf5 g6+ 35. Kf6 Rb6+ 0-1

[Event "Alma-Ata"]
[Site "Almaty"]
[Date "1989.??.??"]
[Round "4"]
[White "Dzyuban, Oleg"]
[Black "Ilincic, Zlatko"]
[Result "1/2-1/2"]
[WhiteElo "2395"]
[BlackElo "2430"]
[PlyCount "22"]
[EventDate "1989.06.??"]
[EventType "tourn"]
[EventRounds "15"]
[EventCountry "URS"]
[EventCategory "8"]
[SourceTitle "EXT 1997"]
[Source "ChessBase"]
[SourceDate "1996.11.15"]
[SourceVersion "1"]
[SourceVersionDate "1996.11.15"]
[SourceQuality "1"]

1. d4 Nf6 2. c4 g6 3. Nf3 Bg7 4. g3 0-0 5. Bg2 d5 6. 0-0 dxc4 7. Na3 Na6 8. Nxc4 c5 9. dxc5 Be6 10. Nfe5 Nxc5 11. Be3 Rc8 1/2-1/2

[Event "Alma-Ata"]
[Site "Almaty"]
[Date "1989.??.??"]
[Round "2"]
[White "Dzyuban, Oleg"]
[Black "Kuczynski, Robert"]
[Result "0-1"]
[WhiteElo "2395"]
[BlackElo "2450"]
[PlyCount "104"]
[EventDate "1989.06.??"]
[EventType "tourn"]
[EventRounds "15"]
[EventCountry "URS"]
[EventCategory "8"]
[SourceTitle "EXT 1997"]
[Source "ChessBase"]
[SourceDate "1996.11.15"]
[SourceVersion "1"]
[SourceVersionDate "1996.11.15"]
[SourceQuality "1"]

1. Nf3 f5 2. c4 Nf6 3. g3 g6 4. Bg2 Bg7 5. 0-0 0-0 6. Nc3 d6 7. d4 c6 8. b3 Na6 9. Bb2 Nc7 10. Qc2 Rb8 11. a4 a5 12. e4 fxe4 13. Nxe4 Na6 14. Nh4 Nxe4 15. Qxe4 g5 16. Nf3 Bf5 17. Qe3 h6 18. Nd2 Qb6 19. Be4 Bh3 20. Rfe1 e5 21. dxe5 Qxe3 22. Rxe3 Rbd8 23. Rae1 Nc5 24. Bc2 Bxe5 25. Bxe5 dxe5 26. Nb1 Bf5 27. Bxf5 Rxf5 28. Kg2 e4 29. Nc3 Rd2 30. R1e2 Rxe2 31. Rxe2 Re5 32. Re3 Kg7 33. g4 Re7 34. Kg3 Kf7 35. h4 Re6 36. h5 Re7 37. Kg2 Re6 38. Kg3 Re7 39. Kh2 Kf6 40. Ne2 Rd7 41. Ng3 Rd2 42. Kg2 Ke5 43. Nf5 Nd3 44. Nxh6 Kf4 45. Kg1 Nxf2 46. Re1 e3 47. Rf1 Ke4 48. Nf5 Nh3+ 49. Kh1 e2 50. Ng3+ Ke3 51. Nxe2 Kxe2 52. Rf7 Nf4 0-1

[Event "Alma-Ata"]
[Site "Almaty"]
[Date "1989.??.??"]
[Round "9"]
[White "Dzyuban, Oleg"]
[Black "Tseshkovsky, Vitaly"]
[Result "0-1"]
[WhiteElo "2395"]
[BlackElo "2520"]
[PlyCount "100"]
[EventDate "1989.06.??"]
[EventType "tourn"]
[EventRounds "15"]
[EventCountry "URS"]
[EventCategory "8"]
[SourceTitle "EXT 1997"]
[Source "ChessBase"]
[SourceDate "1996.11.15"]
[SourceVersion "1"]
[SourceVersionDate "1996.11.15"]
[SourceQuality "1"]

1. Nf3 g6 2. g3 Bg7 3. Bg2 e5 4. e4 Nc6 5. 0-0 Nge7 6. c3 d5 7. exd5 Nxd5 8. d4 exd4 9. Nxd4 Nxd4 10. cxd4 0-0 11. Nc3 Be6 12. Ne4 c6 13. Nc5 Bc8 14. Re1 Qb6 15. b3 Qd8 16. Bb2 b6 17. Nd3 Bb7 18. Rc1 Qd6 19. Ne5 Rfe8 20. Rc2 Rad8 21. a3 Re6 22. Bh3 Re7 23. Qc1 Rde8 24. Rd1 Rc7 25. b4 f6 26. Nc4 Qd8 27. Qd2 Rce7 28. Bf1 Bc8 29. Rcc1 Bg4 30. Re1 Rxe1 31. Rxe1 Rxe1 32. Qxe1 Qe7 33. Qxe7 Nxe7 34. Nd6 Be6 35. Ne8 Bh8 36. Bc1 Nd5 37. b5 Kf8 38. Nd6 Ke7 39. Ne4 cxb5 40. Bxb5 Bd7 41. Bc4 Bc6 42. Bd2 f5 43. Nc3 Nc7 44. Ne2 Bb5 45. Bb4+ Kd7 46. Bg8 Bxe2 47. Bxh7 Bh5 48. Kg2 Bxd4 49. f3 Nd5 50. Bd2 Nf6 0-1

[Event "Alma-Ata"]
[Site "Almaty"]
[Date "1989.??.??"]
[Round "7"]
[White "Temirbayev, Serikbay"]
[Black "Dzyuban, Oleg"]
[Result "1-0"]
[WhiteElo "2390"]
[BlackElo "2395"]
[PlyCount "83"]
[EventDate "1989.06.??"]
[EventType "tourn"]
[EventRounds "15"]
[EventCountry "URS"]
[EventCategory "8"]
[SourceTitle "EXT 1997"]
[Source "ChessBase"]
[SourceDate "1996.11.15"]
[SourceVersion "1"]
[SourceVersionDate "1996.11.15"]
[SourceQuality "1"]

1. d4 Nf6 2. c4 e6 3. Nf3 d5 4. Nc3 Be7 5. cxd5 exd5 6. Bg5 0-0 7. e3 b6 8. Bd3 Bb7 9. Qc2 Nbd7 10. 0-0 Ne4 11. Bxe7 Qxe7 12. Rae1 c5 13. Nd2 Ndf6 14. dxc5 bxc5 15. Ndxe4 dxe4 16. Be2 Rac8 17. Rd1 Qe5 18. Rd2 h5 19. Rfd1 Rc6 20. Rd8 Rxd8 21. Rxd8+ Kh7 22. h3 g6 23. Bc4 Qe7 24. Rd1 Rc7 25. Nb5 Rd7 26. Nxa7 Rxd1+ 27. Qxd1 Nd7 28. Nb5 Ne5 29. Bf1 Kg7 30. Qd6 Qxd6 31. Nxd6 Bd5 32. b3 Kf6 33. Nb5 Ke7 34. Nc3 Bb7 35. Be2 f5 36. h4 Nc6 37. Nd5+ Ke6 38. Nf4+ Kf6 39. Bb5 Nb4 40. a3 Nd5 41. Nxd5+ Bxd5 42. Bc4 1-0